[Event "KAZ-ch"]
[Site "Pavlodar"]
[Date "2015.05.12"]
[Round "2"]
[White "Bulekpayev, Mirzat"]
[Black "Nugumanov, Bakhtiyar"]
[Result "0-1"]
[WhiteElo "2051"]
[BlackElo "2258"]
[PlyCount "42"]
[EventDate "2015.05.11"]
[EventType "swiss"]
[EventRounds "9"]
[EventCountry "KAZ"]
[SourceTitle "EXT 2016"]
[Source "ChessBase"]
[SourceDate "2015.10.08"]
[SourceVersion "1"]
[SourceVersionDate "2015.10.08"]
[SourceQuality "1"]

1. e4 c5 2. c3 Qa5 3. f4 Nf6 4. Qf3 d6 5. g3 Nc6 6. Bh3 g6 7. Bxc8 Rxc8 8. Ne2 Bg7 9. 0-0 0-0 10. d3 b5 11. Nd2 Nd7 12. g4 Nb6 13. h4 Qa4 14. b3 Qa6 15. Bb2 b4 16. Nc4 Qb7 17. Rab1 bxc3 18. Bxc3 Bxc3 19. Nxc3 Nd4 20. Qg2 Qd7 21. Ne2 Nc6 0-1

[Event "KAZ-ch qual"]
[Site "Astana"]
[Date "2012.02.29"]
[Round "9"]
[White "Bulekpayev, Mirzat"]
[Black "Kassimov, Baurzhan"]
[Result "0-1"]
[WhiteElo "2053"]
[BlackElo "2270"]
[PlyCount "52"]
[EventDate "2012.02.21"]
[EventType "swiss"]
[EventRounds "9"]
[EventCountry "KAZ"]
[SourceTitle "EXT 2014"]
[Source "ChessBase"]
[SourceDate "2013.11.20"]
[SourceVersion "1"]
[SourceVersionDate "2013.11.20"]
[SourceQuality "1"]

1. d4 d6 2. e4 e5 3. c4 exd4 4. Qxd4 Nc6 5. Qd1 g6 6. Nc3 Bg7 7. Be3 Nf6 8. f3 0-0 9. Nge2 Re8 10. Nd4 Nh5 11. Qd2 f5 12. Nxc6 bxc6 13. Bg5 Bf6 14. Bxf6 Nxf6 15. Bd3 fxe4 16. fxe4 Bf5 17. Qf4 Nh5 18. Qf3 Qh4+ 19. g3 Qg5 20. 0-0 Bh3 21. Rfe1 Rf8 22. Qe3 Rf4 23. Kh1 Raf8 24. Rg1 Rg4 25. Qxg5 Rxg5 26. Rae1 Nf6 0-1

[Event "KAZ-ch qual"]
[Site "Astana"]
[Date "2012.02.26"]
[Round "6"]
[White "Nukin, Tolegen"]
[Black "Bulekpayev, Mirzat"]
[Result "1-0"]
[WhiteElo "2195"]
[BlackElo "2053"]
[PlyCount "61"]
[EventDate "2012.02.21"]
[EventType "swiss"]
[EventRounds "9"]
[EventCountry "KAZ"]
[SourceTitle "EXT 2014"]
[Source "ChessBase"]
[SourceDate "2013.11.20"]
[SourceVersion "1"]
[SourceVersionDate "2013.11.20"]
[SourceQuality "1"]

1. Nf3 d5 2. g3 f5 3. b3 e6 4. Bb2 Nf6 5. c4 c6 6. Bg2 Qb6 7. Qc2 Be7 8. 0-0 0-0 9. d3 Na6 10. a3 c5 11. e3 Nc7 12. Nbd2 a5 13. Rab1 Qa7 14. Be5 Nfe8 15. Rfc1 b5 16. d4 dxc4 17. dxc5 Bxc5 18. a4 Ba3 19. Rd1 cxb3 20. Qxb3 Bb4 21. Nd4 bxa4 22. Qa2 Bb7 23. Nxe6 Nxe6 24. Qxe6+ Rf7 25. Nf3 Be4 26. Ng5 Bxb1 27. Bxa8 Bc2 28. Rd5 Bb3 29. Rd8 Bf8 30. Bd5 Bxd5 31. Qxd5 1-0

[Event "Izmailov Memorial op 10th"]
[Site "Tomsk"]
[Date "2006.07.19"]
[Round "8"]
[White "Lazarenko, Petr"]
[Black "Bulekpayev, Mirzat"]
[Result "1-0"]
[WhiteElo "2056"]
[BlackElo "2056"]
[PlyCount "99"]
[EventDate "2006.07.12"]
[EventType "swiss"]
[EventRounds "9"]
[EventCountry "RUS"]
[SourceTitle "EXT 2008"]
[Source "ChessBase"]
[SourceDate "2007.11.25"]
[SourceVersion "1"]
[SourceVersionDate "2007.11.25"]
[SourceQuality "1"]

1. e4 e6 2. f4 c5 3. Nf3 d5 4. e5 Nc6 5. d3 Nge7 6. Be3 Nf5 7. Bf2 Qb6 8. Qc1 Bd7 9. Nbd2 0-0-0 10. c3 Kb8 11. b4 f6 12. bxc5 Bxc5 13. d4 Be7 14. Rb1 Qc7 15. Ba6 Bc8 16. Bb5 Ka8 17. 0-0 b6 18. Qb2 Bb7 19. Rfc1 Qb8 20. a4 Na5 21. Bd3 Nc6 22. Nb3 Rd7 23. Bb5 Rc7 24. a5 Nxa5 25. Nxa5 bxa5 26. Qa2 Bd8 27. Qxa5 Rf7 28. Qa4 Bb6 29. Bd7 Rxd7 30. Qxd7 Qe8 31. Qxe8+ Rxe8 32. Re1 Re7 33. g4 Nh6 34. exf6 gxf6 35. g5 fxg5 36. fxg5 Nf5 37. h4 Nd6 38. Nd2 Ba5 39. Rb3 a6 40. Bg3 Nb5 41. Rxb5 Bxc3 42. Rb6 Bxd2 43. Rexe6 Rf7 44. Rf6 Re7 45. Rbe6 Rxe6 46. Rxe6 Bc3 47. Be5 a5 48. h5 a4 49. g6 hxg6 50. hxg6 1-0

[Event "Izmailov Memorial op 10th"]
[Site "Tomsk"]
[Date "2006.07.14"]
[Round "3"]
[White "Ivanova, Tatiana"]
[Black "Bulekpayev, Mirzat"]
[Result "1/2-1/2"]
[WhiteElo "2158"]
[BlackElo "2056"]
[PlyCount "112"]
[EventDate "2006.07.12"]
[EventType "swiss"]
[EventRounds "9"]
[EventCountry "RUS"]
[SourceTitle "EXT 2008"]
[Source "ChessBase"]
[SourceDate "2007.11.25"]
[SourceVersion "1"]
[SourceVersionDate "2007.11.25"]
[SourceQuality "1"]

1. e4 e6 2. d3 b6 3. g3 Bb7 4. Bg2 d5 5. Qe2 Nf6 6. e5 Nfd7 7. f4 c5 8. c4 Nc6 9. Nf3 Qe7 10. Nc3 dxc4 11. dxc4 0-0-0 12. 0-0 f6 13. Re1 Re8 14. Nb5 Qf7 15. Rd1 a6 16. Nd6+ Bxd6 17. Rxd6 Rhf8 18. Ng5 fxg5 19. Bxc6 Bxc6 20. Rxc6+ Kb8 21. fxg5 Qf3 22. Qxf3 Rxf3 23. Rd6 Rf7 24. Bf4 Kc7 25. Rad1 Nb8 26. b4 cxb4 27. c5 b5 28. c6 a5 29. h4 g6 30. Kg2 Rfe7 31. Be3 Rf7 32. Rc1 Na6 33. Rcd1 Nb8 34. g4 Rfe7 35. Rc1 Na6 36. Rcd1 Nb8 37. Bd2 Kb6 38. c7+ Kxc7 39. Rc1+ Kb7 40. Rc5 Rd7 41. Rxb5+ Kc7 42. Rc5+ Kb7 43. Rb5+ Kc7 44. Rxa5 Nc6 45. Ra6 Rxd6 46. exd6+ Kxd6 47. Bxb4+ Kd5 48. Bc3 Rb8 49. Ra4 e5 50. Kf2 Rb1 51. h5 Rc1 52. Bd2 Rh1 53. h6 Rh2+ 54. Ke3 Rh3+ 55. Ke2 Rh2+ 56. Ke3 Rh3+ 1/2-1/2

[Event "Izmailov Memorial op 10th"]
[Site "Tomsk"]
[Date "2006.07.12"]
[Round "1"]
[White "Bulekpayev, Mirzat"]
[Black "Keosidi, Konstantin"]
[Result "0-1"]
[WhiteElo "2056"]
[BlackElo "2314"]
[PlyCount "50"]
[EventDate "2006.07.12"]
[EventType "swiss"]
[EventRounds "9"]
[EventCountry "RUS"]
[SourceTitle "EXT 2008"]
[Source "ChessBase"]
[SourceDate "2007.11.25"]
[SourceVersion "1"]
[SourceVersionDate "2007.11.25"]
[SourceQuality "1"]

1. d4 d5 2. c4 e6 3. Nc3 Nf6 4. Bg5 Nbd7 5. e3 c6 6. Nf3 Qa5 7. Bxf6 Nxf6 8. Qc2 Bb4 9. Nd2 0-0 10. Bd3 Re8 11. 0-0 e5 12. cxd5 exd4 13. Nb3 Qd8 14. Nxd4 Bxc3 15. bxc3 Qxd5 16. c4 Qc5 17. Rab1 b6 18. Rfd1 Bg4 19. Rd2 Rad8 20. Qa4 Qg5 21. Qxc6 Rxd4 22. Bxh7+ Kxh7 23. Rxd4 Rxe3 24. f4 Qg6 25. Rc1 Bf3 0-1